00390nam a2200157Ia 4500008004100000020001500041082001300056100001800069245003900087250000800126260002900134300001200163500002400175650001200199700002100211230524s9999 xx 000 0 und d a8129704218 a415bMIS aSunita Mishra 0aCommunication Skills for Engineers a1ST aNEW DELHIbPearsonc2004 aXII;257 aQuantity Number: 2 aEnglish a C.Muralikrishna